Landlocked Countries With The Fewest Borders - Statistics

General Stats
  • This quiz has been taken 142 times
  • The average score is 10 of 14
Answer Stats
# of borders Country % Correct
1 San Marino
94%
1 Vatican City
94%
1 Lesotho
93%
2 Liechtenstein
89%
2 Andorra
82%
2 Eswatini
79%
3 Luxembourg
73%
2 Mongolia
73%
2 Nepal
70%
2 Bhutan
67%
3 Paraguay
66%
2 Moldova
43%
3 Burundi
42%
3 Malawi
30%
No matching quizzes found
Score Distribution
Percent of People with Each Score
Percentile by Number Answered
Your Score History
You have not taken this quiz